000 00890nam a2200277 4500
001 5524
003 http://id.bnportugal.gov.pt/bib/porbase/2573809
010 _a9789729049859
021 _aPT
_b355562/13
035 _a(bn)1849572
090 _a5524
100 _a20130916d2013 m y0pory5003 ba
105 _ay z 000yy
106 _ar
200 1 _aQuem é tu, Senhor
_erespostas das Sagradas Escrituras
_fAlfredo Ribeiro Neres
_gpref. Valentin Ntumba Kapambu
_grev. Kayré
205 _a1<U+00AA> ed
210 9 _aLisboa
_cAlém-Mar,
_d2012
215 _a167 p.
_d19 cm
600 _aAlfredo Ribeiro Neres
601 _a2012
675 _a272-312
_vBN
_zpor
675 _a272-247
_vBN
_zpor
700 1 _aNeres,
_bAlfredo Ribeiro,
_f1939- ,
_cM.C.C.I.
801 0 _aPT
_bBN
_gRPC
856 4 1 _uhttp://rnod.bnportugal.gov.pt/ImagesBN/winlibimg.aspx?skey=&doc=1849572&img=31659&save=true
942 _cBK